00432pab a2200145 454500008004000000100001400040245007500054260000900129300001300138362001000151650002700161650003600188650002800224773003400252180718b2017 xxu||||| |||| 00| 0 eng d aDe, Rahul aIndia's liberalisation and newspapers: public discourse around reforms c2017 ap.48-54. a8 Jul aLiberalization - India aEconomic liberalization - India aEconomic liberalization aEconomic and Political Weekly